[Event "FRA-chT2C 0506"]
[Site "France"]
[Date "2006.03.12"]
[Round "9.9"]
[White "Benassayag, Lucas"]
[Black "Mourgues, Joelle"]
[Result "1-0"]
[WhiteElo "2037"]
[BlackElo "1812"]
[PlyCount "125"]
[EventDate "2005.10.27"]
[EventType "team-tourn"]
[EventRounds "11"]
[EventCountry "FRA"]
[SourceTitle "EXT 2006"]
[Source "ChessBase"]
[SourceDate "2005.11.24"]
[SourceVersion "1"]
[SourceVersionDate "2005.11.24"]
[SourceQuality "1"]

1. e4 c5 2. Nf3 g6 3. d4 cxd4 4. Nxd4 Bg7 5. c4 Nc6 6. Be3 d6 7. Nc3 Nf6 8. Be2 0-0 9. 0-0 Ne5 10. h3 b6 11. f4 Ned7 12. Nc6 Qe8 13. e5 dxe5 14. fxe5 Ne4 15. Nd5 Nxe5 16. Nxe5 Bxe5 17. Bh6 Ng3 18. Rf3 f6 19. Bxf8 Qxf8 20. Nf4 Nxe2+ 21. Nxe2 Be6 22. Qb3 Qc8 23. Rc1 Qc5+ 24. Qe3 Rc8 25. Qxc5 Rxc5 26. b3 Kf7 27. Rd1 g5 28. g4 b5 29. cxb5 Rxb5 30. Nd4 Rb6 31. Rfd3 Bc8 32. Nf3 Bd6 33. Nd2 Ba6 34. Nc4 Bc5+ 35. Kf1 Re6 36. Re1 Rc6 37. Rd5 Bb6 38. Re4 Rc7 39. Rd8 Bc5 40. Ke1 Bb7 41. Re2 Bb4+ 42. Kf2 Bc5+ 43. Kg3 Ba6 44. Rc2 Kg7 45. Kf3 Bb7+ 46. Ke2 Ba6 47. Kd3 Bb6 48. Rd5 Rc6 49. b4 Re6 50. b5 Bb7 51. Nxb6 axb6 52. Rd4 h5 53. a4 Bf3 54. Rf2 Bd1 55. Kd2 Bb3 56. Re2 hxg4 57. hxg4 Kf7 58. Rxe6 Kxe6 59. a5 Ke5 60. Ke3 f5 61. gxf5 g4 62. axb6 g3 63. b7 1-0

[Event "FRA-chT U20 0506"]
[Site "France"]
[Date "2005.11.13"]
[Round "3.2"]
[White "Benassayag, Lucas"]
[Black "Huertas, Guillaume"]
[Result "1-0"]
[WhiteElo "2017"]
[BlackElo "2004"]
[PlyCount "65"]
[EventDate "2005.11.12"]
[EventType "team-tourn"]
[EventRounds "3"]
[EventCountry "FRA"]
[SourceTitle "CBM 109 Extra"]
[Source "ChessBase"]
[SourceDate "2006.01.03"]
[SourceVersion "2"]
[SourceVersionDate "2006.01.03"]
[SourceQuality "1"]

1. e4 c5 2. Nf3 Nc6 3. d4 cxd4 4. Nxd4 Nf6 5. Nc3 e5 6. Ndb5 d6 7. Bg5 a6 8. Na3 b5 9. Bxf6 gxf6 10. Nd5 f5 11. c3 Bg7 12. exf5 Bxf5 13. Nc2 Be6 14. g3 Rb8 15. Bg2 Qd7 16. Nce3 0-0 17. 0-0 Ne7 18. Qh5 Nxd5 19. Nxd5 f5 20. Rad1 e4 21. f4 Qb7 22. Ne3 Qb6 23. Rfe1 Bxa2 24. Kh1 Be6 25. g4 Qc5 26. gxf5 Bxf5 27. Rd5 Bg6 28. Rxc5 Bxh5 29. Rxh5 Rxf4 30. Nd5 Rf2 31. b4 h6 32. Bxe4 Rbf8 33. Ne7+ 1-0

[Event "Lausanne op"]
[Site "Lausanne"]
[Date "2005.09.16"]
[Round "1"]
[White "Benassayag, Lucas"]
[Black "Petrosian, Tigran L"]
[Result "0-1"]
[WhiteElo "1986"]
[BlackElo "2581"]
[PlyCount "60"]
[EventDate "2005.09.16"]
[EventType "swiss"]
[EventRounds "7"]
[EventCountry "SUI"]
[SourceTitle "CBM 108 Extra"]
[Source "ChessBase"]
[SourceDate "2005.11.04"]
[SourceVersion "1"]
[SourceVersionDate "2005.11.04"]
[SourceQuality "1"]

1. e4 c5 2. Nf3 d6 3. d4 cxd4 4. Nxd4 Nf6 5. Nc3 g6 6. f3 Bg7 7. Be3 0-0 8. Qd2 Nc6 9. 0-0-0 d5 10. exd5 Nxd5 11. Nxc6 bxc6 12. Bd4 e5 13. Bc5 Be6 14. Bc4 Qh4 15. Bxd5 cxd5 16. g3 Qc4 17. Bxf8 Rxf8 18. Qe2 Qc5 19. h4 Rb8 20. g4 Qb4 21. Qd3 e4 22. fxe4 dxe4 23. Qd8+ Rxd8 24. Rxd8+ Bf8 25. Rhd1 e3 26. R1d4 e2 27. Kd2 Qxb2 28. Nxe2 Kg7 29. h5 Be7 30. Re8 Bg5+ 0-1

[Event "FRA-chT2 0405"]
[Site "France"]
[Date "2005.04.02"]
[Round "10.8"]
[White "Benassayag, Lucas"]
[Black "Birebent, Guy"]
[Result "1/2-1/2"]
[WhiteElo "1997"]
[BlackElo "1830"]
[PlyCount "90"]
[EventDate "2004.10.10"]
[EventType "team-tourn"]
[EventRounds "11"]
[EventCountry "FRA"]
[SourceTitle "EXT 2006"]
[Source "ChessBase"]
[SourceDate "2005.11.24"]
[SourceVersion "1"]
[SourceVersionDate "2005.11.24"]
[SourceQuality "1"]
[WhiteTeam "Cannes II"]
[WhiteTeamCountry "FRA"]

1. e4 c5 2. Nf3 Nc6 3. d4 cxd4 4. Nxd4 a6 5. Nc3 e6 6. Be3 Bb4 7. Qd2 Nf6 8. f3 Qc7 9. 0-0-0 Nxd4 10. Bxd4 e5 11. Be3 Bxc3 12. bxc3 b6 13. g4 h6 14. h4 Bb7 15. Bh3 0-0-0 16. Kb2 Bc6 17. g5 hxg5 18. hxg5 Nh5 19. Rh2 Kb7 20. Rdh1 Nf4 21. Bxf4 exf4 22. Qd4 g6 23. Bf1 Rxh2 24. Rxh2 d5 25. Rd2 b5 26. c4 bxc4 27. Bxc4 Rd7 28. exd5 Bb5 29. Bxb5 axb5 30. d6 Qb6 31. Qxb6+ Kxb6 32. Rd4 Kc5 33. Kc3 Rxd6 34. Rxd6 Kxd6 35. Kb4 f6 36. gxf6 g5 37. Kc3 Ke6 38. Kd4 Kxf6 39. c4 bxc4 40. Kxc4 Kf5 41. Kd3 g4 42. fxg4+ Kxg4 43. Ke2 f3+ 44. Kf2 Kf4 45. a4 Ke5 1/2-1/2

[Event "FRA-chT2 0405"]
[Site "France"]
[Date "2005.03.13"]
[Round "9.9"]
[White "Estevez, Dorothee"]
[Black "Benassayag, Lucas"]
[Result "0-1"]
[WhiteElo "1780"]
[BlackElo "1997"]
[PlyCount "84"]
[EventDate "2004.10.10"]
[EventType "team-tourn"]
[EventRounds "11"]
[EventCountry "FRA"]
[SourceTitle "EXT 2006"]
[Source "ChessBase"]
[SourceDate "2005.11.24"]
[SourceVersion "1"]
[SourceVersionDate "2005.11.24"]
[SourceQuality "1"]
[WhiteTeam "Vitrolles"]
[BlackTeam "Cannes II"]
[WhiteTeamCountry "FRA"]
[BlackTeamCountry "FRA"]

1. d4 d5 2. c4 c6 3. Nc3 Nf6 4. Nf3 e6 5. e3 Nbd7 6. c5 Be7 7. Bd3 0-0 8. 0-0 Qc7 9. b4 e5 10. e4 dxe4 11. Bxe4 a5 12. Ba3 Rd8 13. d5 cxd5 14. Bxd5 axb4 15. Bxf7+ Kf8 16. Bxb4 Nxc5 17. Qe2 Kxf7 18. Qc4+ Ne6 19. Qxc7 Nxc7 20. Nxe5+ Kf8 21. Bxe7+ Kxe7 22. Nf3 Bg4 23. Rfe1+ Ne6 24. Ne5 Bf5 25. h3 h5 26. Re2 Rac8 27. Na4 Rc2 28. Rxc2 Bxc2 29. Nc3 Rc8 30. Ne2 Rc5 31. Rc1 Bf5 32. Rxc5 Nxc5 33. Nd4 Bb1 34. a3 Nfd7 35. Nef3 Kf6 36. Nd2 Bd3 37. f3 Ke5 38. N2b3 Nxb3 39. Nxb3 Kd5 40. Kf2 Nc5 41. Nxc5 Kxc5 42. Ke3 Kc4 0-1

[Event "FRA-chT2 0405"]
[Site "France"]
[Date "2005.01.08"]
[Round "5.9"]
[White "Mourgues, Joelle"]
[Black "Benassayag, Lucas"]
[Result "0-1"]
[WhiteElo "1640"]
[BlackElo "1997"]
[PlyCount "59"]
[EventDate "2004.10.10"]
[EventType "team-tourn"]
[EventRounds "11"]
[EventCountry "FRA"]
[SourceTitle "EXT 2006"]
[Source "ChessBase"]
[SourceDate "2005.11.24"]
[SourceVersion "1"]
[SourceVersionDate "2005.11.24"]
[SourceQuality "1"]
[WhiteTeam "Saint Affrique"]
[BlackTeam "Cannes II"]
[WhiteTeamCountry "FRA"]
[BlackTeamCountry "FRA"]

1. Nf3 d5 2. g3 c6 3. Bg2 Bg4 4. d3 Nf6 5. 0-0 e6 6. Nbd2 Bd6 7. c3 0-0 8. Qe1 Nbd7 9. h3 Bh5 10. Nd4 Bg6 11. e4 Nc5 12. Qe2 e5 13. Nc2 Qb6 14. Kh1 Rad8 15. Na3 Qa6 16. c4 Bh5 17. f3 Ne6 18. Nc2 Bg6 19. Re1 Nh5 20. Nf1 f5 21. exf5 Bxf5 22. g4 Nhf4 23. Bxf4 Nxf4 24. Qd2 Bxd3 25. cxd5 cxd5 26. Nce3 Qb5 27. a3 d4 28. Nd1 Rc8 29. Nf2 Rc2 30. Qd1 0-1

[Event "FRA-chT U20 0405"]
[Site "Agneaux"]
[Date "2004.12.20"]
[Round "6.2"]
[White "Benassayag, Lucas"]
[Black "Le Bail, Clara"]
[Result "1-0"]
[WhiteElo "1997"]
[BlackElo "1990"]
[PlyCount "85"]
[EventDate "2004.12.16"]
[EventType "team"]
[EventRounds "7"]
[EventCountry "FRA"]
[SourceTitle "EXT 2006"]
[Source "ChessBase"]
[SourceDate "2005.11.24"]
[SourceVersion "1"]
[SourceVersionDate "2005.11.24"]
[SourceQuality "1"]
[WhiteTeam "Cannes"]
[BlackTeam "Rennes Paul Bert"]
[WhiteTeamCountry "FRA"]
[BlackTeamCountry "FRA"]

1. e4 e5 2. Nf3 f5 3. Nxe5 Qf6 4. d4 d6 5. Nc4 fxe4 6. Nc3 Qg6 7. Qe2 Bf5 8. Bf4 Nf6 9. 0-0-0 Be7 10. Ne3 a6 11. Ncd5 Nxd5 12. Nxd5 Bd8 13. h3 0-0 14. Be3 Qf7 15. Nc3 Nd7 16. g4 Bg6 17. Bg2 Nf6 18. f4 exf3 19. Bxf3 c6 20. Rdf1 Qe8 21. h4 Ne4 22. Nxe4 Bxe4 23. g5 Bb6 24. c3 d5 25. h5 Bxf3 26. Rxf3 Qe4 27. Rhf1 Bc7 28. g6 hxg6 29. hxg6 Rxf3 30. Qxf3 Qxf3 31. Rxf3 Rf8 32. Rxf8+ Kxf8 33. Bg5 Ke8 34. Kd2 Kd7 35. Kd3 Ke6 36. c4 dxc4+ 37. Kxc4 Kf5 38. Be3 Kxg6 39. b4 Bb6 40. a4 Kf5 41. Bd2 Ke4 42. Bc3 g5 43. b5 1-0

[Event "FRA-chT U20 0304"]
[Site "France"]
[Date "2004.05.02"]
[Round "11"]
[White "Dourerassou, Jonathan"]
[Black "Benassayag, Lucas"]
[Result "1-0"]
[WhiteElo "2250"]
[BlackElo "2062"]
[PlyCount "53"]
[EventDate "2003.11.??"]
[EventType "team-tourn"]
[EventRounds "11"]
[EventCountry "FRA"]
[SourceTitle "EXT 2005"]
[Source "ChessBase"]
[SourceDate "2004.11.15"]
[SourceVersion "1"]
[SourceVersionDate "2004.11.15"]
[SourceQuality "1"]
[WhiteTeam "Creteil"]
[BlackTeam "Cannes"]
[WhiteTeamCountry "FRA"]
[BlackTeamCountry "FRA"]

1. e4 c5 2. Nf3 d6 3. d4 cxd4 4. Nxd4 Nf6 5. Nc3 a6 6. Rg1 e6 7. g4 b5 8. g5 Nfd7 9. Qg4 Ne5 10. Qh3 Nbc6 11. Nxc6 Nxc6 12. Be3 Qa5 13. Bd2 b4 14. Nd1 Nd4 15. Ne3 Qc5 16. Bd3 Bb7 17. g6 fxg6 18. c3 bxc3 19. bxc3 Nb5 20. Qxe6+ Be7 21. Qb3 Bf6 22. a4 Bxc3 23. Bxb5+ axb5 24. Bxc3 Rf8 25. Qxb5+ Qxb5 26. axb5 Rxa1+ 27. Bxa1 1-0

[Event "FRA-chT U20 0304"]
[Site "France"]
[Date "2004.04.30"]
[Round "8"]
[White "Ip, Nicolas"]
[Black "Benassayag, Lucas"]
[Result "1/2-1/2"]
[WhiteElo "2054"]
[BlackElo "2062"]
[PlyCount "61"]
[EventDate "2003.11.??"]
[EventType "team-tourn"]
[EventRounds "11"]
[EventCountry "FRA"]
[SourceTitle "EXT 2005"]
[Source "ChessBase"]
[SourceDate "2004.11.15"]
[SourceVersion "1"]
[SourceVersionDate "2004.11.15"]
[SourceQuality "1"]
[WhiteTeam "Paris NAO"]
[BlackTeam "Cannes"]
[WhiteTeamCountry "FRA"]
[BlackTeamCountry "FRA"]

1. e4 c5 2. Nc3 a6 3. a4 b6 4. g3 Bb7 5. Bg2 e6 6. Nge2 Ne7 7. 0-0 d5 8. exd5 Nxd5 9. Nxd5 Bxd5 10. Bxd5 Qxd5 11. Nf4 Qd7 12. Qe2 Nc6 13. c3 g6 14. d3 h5 15. h4 Bg7 16. Be3 e5 17. Ng2 0-0 18. f4 exf4 19. Nxf4 Rfe8 20. Rfe1 Ne5 21. Qf1 Qg4 22. Kg2 Rad8 23. Rad1 Bf6 24. Nxh5 gxh5 25. Qxf6 Nxd3 26. Rf1 Qe2+ 27. Kh1 Qxe3 28. Qxf7+ Kh8 29. Qf6+ Kg8 30. Qf7+ Kh8 31. Qf6+ 1/2-1/2

[Event "France-ch U14"]
[Site "Reims"]
[Date "2004.04.24"]
[Round "8"]
[White "Tache, Benjamin"]
[Black "Benassayag, Lucas"]
[Result "1-0"]
[WhiteElo "1890"]
[BlackElo "2059"]
[PlyCount "83"]
[EventDate "2004.04.??"]
[EventType "swiss"]
[EventRounds "9"]
[EventCountry "FRA"]
[SourceTitle "EXT 2005"]
[Source "ChessBase"]
[SourceDate "2004.11.15"]
[SourceVersion "1"]
[SourceVersionDate "2004.11.15"]
[SourceQuality "1"]

1. d4 d5 2. c4 c6 3. Nf3 Nf6 4. Nc3 e6 5. e3 Nbd7 6. Qc2 Bd6 7. b3 0-0 8. Be2 Re8 9. 0-0 a6 10. a4 e5 11. cxd5 cxd5 12. dxe5 Nxe5 13. Rd1 Be6 14. Bb2 Rc8 15. Qd2 Qb6 16. Nd4 Bb4 17. f3 Qa5 18. Rac1 Rc7 19. Bd3 Rec8 20. Nde2 Ned7 21. Qc2 d4 22. exd4 Nd5 23. Bc4 Ne3 24. Qd3 Nxd1 25. Nxd1 Bxc4 26. bxc4 Qxa4 27. c5 Qc6 28. Ne3 a5 29. Nf5 Nf6 30. Nf4 Qd7 31. Nd6 Rd8 32. Bc3 Bxc3 33. Qxc3 b6 34. Qe3 bxc5 35. dxc5 Qe7 36. Qxe7 Rxe7 37. c6 Ne8 38. Nd5 Ra7 39. c7 Nxc7 40. Nxc7 Rxd6 41. Nb5 g6 42. Nxd6 1-0

[Event "France-ch U14"]
[Site "Reims"]
[Date "2004.04.22"]
[Round "6"]
[White "Demuth, Adrien"]
[Black "Benassayag, Lucas"]
[Result "1/2-1/2"]
[WhiteElo "1995"]
[BlackElo "2059"]
[PlyCount "129"]
[EventDate "2004.04.??"]
[EventType "swiss"]
[EventRounds "9"]
[EventCountry "FRA"]
[SourceTitle "EXT 2005"]
[Source "ChessBase"]
[SourceDate "2004.11.15"]
[SourceVersion "1"]
[SourceVersionDate "2004.11.15"]
[SourceQuality "1"]

1. d4 d5 2. c4 c6 3. Nf3 Nf6 4. e3 Bf5 5. cxd5 cxd5 6. Qb3 Qc7 7. Bd2 e6 8. Bb5+ Nc6 9. 0-0 Bd6 10. Bb4 0-0 11. Bxc6 Qxc6 12. Ne5 Qc7 13. Bxd6 Qxd6 14. Qxb7 Ng4 15. Qc6 Qb8 16. Nxg4 Rc8 17. Qa4 Qxb2 18. Na3 Bxg4 19. Rfb1 Qd2 20. h3 Bf5 21. Rb7 Qc3 22. Rd1 a6 23. Kh2 Qc6 24. Qxc6 Rxc6 25. Rd2 Rc3 26. Rdb2 h6 27. R2b3 Rxb3 28. Rxb3 Rc8 29. g4 Be4 30. Kg3 Rc1 31. f3 Bg6 32. h4 Kf8 33. h5 Bh7 34. Kf4 Ra1 35. Rb2 Re1 36. Nc2 Bxc2 37. Rxc2 Ra1 38. Ke5 Re1 39. e4 Re3 40. Kd6 Kg8 41. exd5 exd5 42. Kxd5 Rxf3 43. Kc6 Rd3 44. d5 Kf8 45. d6 Ke8 46. Kc7 f6 47. Rc6 a5 48. Rc4 Rd2 49. a4 Rd1 50. Rc5 Rd4 51. Rc3 Rd2 52. Re3+ Kf7 53. Re7+ Kf8 54. Kd7 Rd1 55. Re8+ Kf7 56. Re7+ Kf8 57. Re8+ Kf7 58. Rc8 Rd2 59. Rc7 Kf8 60. Rc8+ Kf7 61. Rc7 Kf8 62. Rc6 Rd5 63. Rc8+ Kf7 64. Rc7 Kf8 65. Rc8+ 1/2-1/2

[Event "FRA-chT U20 0203"]
[Site "Clichy"]
[Date "2003.05.03"]
[Round "9.5"]
[White "Benassayag, Lucas"]
[Black "Phanekham, Cyril"]
[Result "0-1"]
[WhiteElo "2096"]
[BlackElo "1750"]
[PlyCount "83"]
[EventDate "2002.12.??"]
[EventType "team-tourn"]
[EventRounds "11"]
[EventCountry "FRA"]
[SourceTitle "EXT 2004"]
[Source "ChessBase"]
[SourceDate "2003.11.25"]
[SourceVersion "1"]
[SourceVersionDate "2003.11.25"]
[SourceQuality "1"]
[WhiteTeam "Cannes"]
[BlackTeam "Creteil"]
[WhiteTeamCountry "FRA"]
[BlackTeamCountry "FRA"]

1. e4 c5 2. Nf3 Nc6 3. Bb5 d6 4. 0-0 Bd7 5. c3 Nf6 6. Re1 a6 7. Ba4 c4 8. Bc2 g6 9. b3 b5 10. Qe2 cxb3 11. axb3 Bg4 12. d4 Bg7 13. h3 Bxf3 14. Qxf3 e5 15. d5 Ne7 16. Bg5 Nd7 17. Bd3 h6 18. Bxe7 Kxe7 19. Qg3 Re8 20. Nd2 Kf8 21. c4 Qb6 22. Rac1 Rec8 23. Qg4 Nf6 24. Qe2 b4 25. Nf1 Nd7 26. Ne3 Nc5 27. Bc2 a5 28. Ng4 h5 29. Ne3 a4 30. bxa4 b3 31. Rb1 Rxa4 32. Bd1 Ra2 33. Qf3 Qb4 34. Re2 Rca8 35. Rxa2 Rxa2 36. Nf1 b2 37. Qe2 Bh6 38. Ne3 Bxe3 39. Qxe3 Ra1 40. Bc2 Rxb1+ 41. Bxb1 Na4 42. Kh2 0-1

[Event "FRA-chT U20 0203"]
[Site "Clichy"]
[Date "2003.05.02"]
[Round "8.5"]
[White "Schaeffer, Vincent"]
[Black "Benassayag, Lucas"]
[Result "0-1"]
[WhiteElo "1580"]
[BlackElo "2096"]
[PlyCount "48"]
[EventDate "2002.12.??"]
[EventType "team-tourn"]
[EventRounds "11"]
[EventCountry "FRA"]
[SourceTitle "EXT 2004"]
[Source "ChessBase"]
[SourceDate "2003.11.25"]
[SourceVersion "1"]
[SourceVersionDate "2003.11.25"]
[SourceQuality "1"]
[WhiteTeam "Bischwiller"]
[BlackTeam "Cannes"]
[WhiteTeamCountry "FRA"]
[BlackTeamCountry "FRA"]

1. e4 c5 2. Nf3 d6 3. Nc3 Nf6 4. d4 cxd4 5. Nxd4 a6 6. Be2 e6 7. 0-0 Be7 8. Kh1 b5 9. a3 Bb7 10. f3 0-0 11. Be3 Qc7 12. Qd2 Nbd7 13. Rfd1 Ne5 14. Nb3 Rfd8 15. Bf2 Nc4 16. Bxc4 bxc4 17. Nd4 d5 18. exd5 Nxd5 19. Nxd5 Rxd5 20. Qc1 Rh5 21. h3 Bc5 22. Qd2 Qb6 23. Bg1 Rd5 24. Qc3 Rad8 0-1

[Event "FRA-ch U12"]
[Site "Le Grand Bornand"]
[Date "2003.??.??"]
[Round "4.1"]
[White "Benassayag, Lucas"]
[Black "Demuth, Adrien"]
[Result "1-0"]
[WhiteElo "2096"]
[BlackElo "1880"]
[PlyCount "57"]
[EventDate "2003.??.??"]
[EventType "swiss"]
[EventRounds "9"]
[EventCountry "FRA"]
[SourceTitle "EXT 2004"]
[Source "ChessBase"]
[SourceDate "2003.11.25"]
[SourceVersion "1"]
[SourceVersionDate "2003.11.25"]
[SourceQuality "1"]

1. e4 e5 2. Nf3 Nc6 3. Bc4 Nf6 4. d3 Be7 5. c3 0-0 6. Nbd2 d5 7. exd5 Nxd5 8. Ne4 Kh8 9. 0-0 f5 10. Ng3 Be6 11. Re1 Bd6 12. Ng5 Bg8 13. Nxh7 Nxc3 14. Qh5 Bxh7 15. bxc3 Qe8 16. Qd1 f4 17. Ne4 Bxe4 18. Rxe4 g5 19. Qg4 Qg6 20. Bb2 Rad8 21. Rae1 Kg7 22. d4 Qf5 23. Qxf5 Rxf5 24. Bb5 Re8 25. Bd3 Rd8 26. R4e2 Rff8 27. Be4 exd4 28. Bxc6 dxc3 29. Bxc3+ 1-0

[Event "FRA-ch U12"]
[Site "Le Grand Bornand"]
[Date "2003.??.??"]
[Round "6.1"]
[White "Benassayag, Lucas"]
[Black "Ip, Vincent"]
[Result "1-0"]
[WhiteElo "2096"]
[BlackElo "2010"]
[PlyCount "85"]
[EventDate "2003.??.??"]
[EventType "swiss"]
[EventRounds "9"]
[EventCountry "FRA"]
[SourceTitle "EXT 2004"]
[Source "ChessBase"]
[SourceDate "2003.11.25"]
[SourceVersion "1"]
[SourceVersionDate "2003.11.25"]
[SourceQuality "1"]

1. e4 c5 2. Nf3 Nc6 3. Bb5 g6 4. 0-0 Bg7 5. c3 Nf6 6. Re1 0-0 7. h3 Qb6 8. Ba4 Qc7 9. d4 cxd4 10. cxd4 d5 11. e5 Nd7 12. Nc3 Nb6 13. Bc2 a6 14. Bf4 e6 15. h4 Nc4 16. Bc1 b5 17. h5 Ne7 18. hxg6 fxg6 19. Ng5 Nf5 20. Qg4 b4 21. Ne2 Qa7 22. Qh3 h6 23. Nf3 Qf7 24. Nf4 Rd8 25. Qg4 g5 26. Nh5 Kf8 27. Nxg7 Qxg7 28. Bxf5 exf5 29. Qh5 Be6 30. Re2 Rac8 31. Ne1 Ke7 32. Nd3 a5 33. Nc5 Nb6 34. Nb7 Rd7 35. Nxa5 Ra7 36. Nb3 Nc4 37. Nc5 Rb8 38. b3 Nb6 39. Rc2 Nd7 40. Nxe6 Kxe6 41. Rc6+ Ke7 42. Rxh6 Kd8 43. Bxg5+ 1-0

[Event "FRA-ch U12"]
[Site "Le Grand Bornand"]
[Date "2003.??.??"]
[Round "1.1"]
[White "Benhamouda, Fabrice"]
[Black "Benassayag, Lucas"]
[Result "0-1"]
[WhiteElo "1580"]
[BlackElo "2096"]
[PlyCount "80"]
[EventDate "2003.??.??"]
[EventType "swiss"]
[EventRounds "9"]
[EventCountry "FRA"]
[SourceTitle "EXT 2004"]
[Source "ChessBase"]
[SourceDate "2003.11.25"]
[SourceVersion "1"]
[SourceVersionDate "2003.11.25"]
[SourceQuality "1"]

1. e4 c5 2. Nf3 d6 3. d4 cxd4 4. Nxd4 Nf6 5. Nc3 a6 6. Bd3 e6 7. Nde2 Be7 8. 0-0 0-0 9. Ng3 Nc6 10. f4 b5 11. a3 Bb7 12. b4 Qc7 13. Bb2 Rfd8 14. f5 e5 15. Nh5 Nb8 16. Nxf6+ Bxf6 17. Rb1 Nd7 18. Qe2 Nb6 19. Rbe1 Rac8 20. Nd1 Qe7 21. Rf3 Nc4 22. Bxc4 Rxc4 23. Nc3 Qc7 24. Rc1 Qb6+ 25. Kh1 a5 26. bxa5 Qxa5 27. Re3 Bg5 28. h3 Bxe3 29. Qxe3 b4 30. axb4 Rxb4 31. Ba1 Qc5 32. Qxc5 dxc5 33. Kg1 Bxe4 34. Nxe4 Rxe4 35. Rb1 f6 36. Bc3 Re2 37. Rc1 Ra8 38. Kf1 Re4 39. Kf2 Rc4 40. Ba1 Ra2 0-1

[Event "FRA-chT 0102 U18"]
[Site "France"]
[Date "2002.05.10"]
[Round "11.5"]
[White "Ip, Vincent"]
[Black "Benassayag, Lucas"]
[Result "1-0"]
[WhiteElo "1810"]
[BlackElo "1890"]
[PlyCount "71"]
[EventDate "2001.10.??"]
[EventType "team-tourn"]
[EventRounds "11"]
[EventCountry "FRA"]
[SourceTitle "EXT 2003"]
[Source "ChessBase"]
[SourceDate "2002.11.25"]
[SourceVersion "1"]
[SourceVersionDate "2002.11.25"]
[SourceQuality "1"]
[WhiteTeam "Paris NAO"]
[BlackTeam "Cannes"]
[WhiteTeamCountry "FRA"]
[BlackTeamCountry "FRA"]

1. e4 e5 2. Bc4 Nc6 3. Nc3 Bc5 4. Qg4 Qf6 5. Nd5 Qxf2+ 6. Kd1 Kf8 7. Nh3 Qd4 8. d3 Bb6 9. Qf3 f6 10. c3 Qc5 11. b4 Qd6 12. a4 a5 13. Nxb6 cxb6 14. bxa5 bxa5 15. Ba3 Nb4 16. cxb4 axb4 17. Bc1 Ne7 18. Ng5 Qd4 19. Ra2 h6 20. Bb2 Qb6 21. Nf7 Rh7 22. Nxe5 d6 23. Qh5 g5 24. Ng6+ Nxg6 25. Qxg6 Bg4+ 26. Kc1 Qe3+ 27. Kb1 d5 28. Qxf6+ Ke8 29. Bb5+ Bd7 30. Qe6+ Kf8 31. Rf1+ Qf4 32. Rxf4+ gxf4 33. Bxd7 b3 34. Qd6+ Re7 35. Qxh6+ Kf7 36. Qg7# 1-0